000 00712nam a2200229 a 4500
001 BRCA_3620
005 20190320204345.0
008 250809s1958----sp-a---###---#000-0#spa-#
041 _aspa
044 _asp
050 4 _aND813.C3
_b.W48 1958
100 1 _aWethey, Harold Edwin
_99213
245 1 0 _aAlonso Cano
_bpintor
_cHarol E. Wethey ; tr. del ingles de Manuel Cierre.
260 _aMadrid
_bInstituto Diego Velázquez del Consejo Superior de Investigaciones Científicas
_c1958
300 _a35 p.
_bil., 48 láminas
_c23 cm.
440 0 _aArtes y artistas
_92876
500 _aB292
600 1 4 _aCano, Alonso
_d1601-1667
_99388
650 1 4 _aPintores españoles
_97620
902 _aGFM
942 _2lcc
_cB
999 _c3355
_d3355